[Event "MTO"]
[Site "Biel SUI"]
[Date "2007.08.01"]
[Round "9"]
[White "Cebalo,M"]
[Black "Socko,B"]
[Result "1/2-1/2"]
[WhiteElo "2533"]
[BlackElo "2660"]

1.d4 Nf6 2.c4 e6 3.Nc3 Bb4 4.f3 d5 5.a3 Bxc3+ 6.bxc3 c5 7.cxd5 Nxd5 8.dxc5 f5
9.Nh3 O-O 10.Nf4 Nxc3 11.Qb3 Nd5 12.Nxd5 exd5 13.e3 Nc6 14.Bb5 Qe7 15.Bb2 Qxc5
16.Rc1 Qd6 17.O-O Rf7 18.Rfd1 Be6 19.Bxc6 bxc6 20.Qc3 Rc8 21.Qc5 Qxc5 22.Rxc5 Rb7
23.Bd4 a6 24.Rdc1 Bd7 25.h4 Rb5 26.Kf2 Kf7 27.Kg3 g6 28.Kf4 h6 29.Rxb5 axb5
30.Ke5 Be8 31.Bc5 Ra8 32.Rd1 Ra4 33.Bb4 Ra7 34.Rd4 Bd7 35.Kd6 Be8 36.Ke5 Bd7
37.Kd6  1/2-1/2

[Event "US Open"]
[Site "Cherry Hill USA"]
[Date "2007.08.03"]
[Round "7"]
[White "Calton,B"]
[Black "Ippolito,D"]
[Result "1/2-1/2"]
[WhiteElo "2215"]
[BlackElo "2395"]

1.d4 Nf6 2.c4 e6 3.Nc3 Bb4 4.f3 O-O 5.a3 Bxc3+ 6.bxc3 Nh5 7.Nh3 f5 8.e3 d6
9.Nf2 Nc6 10.Bd3 e5 11.Qc2 Qe7 12.O-O g6 13.a4 Nb8 14.c5 dxc5 15.Ba3 Nd7
16.Rad1 Nhf6 17.Bc4+ Kh8 18.Nd3 b6 19.dxc5 bxc5 20.Rb1 c6  1/2-1/2

[Event "UTwente YM"]
[Site "Hengelo NED"]
[Date "2007.08.06"]
[Round "1"]
[White "Harika,D"]
[Black "Van Eijk,S"]
[Result "1-0"]
[WhiteElo "2478"]
[BlackElo "2274"]

1.d4 Nf6 2.c4 e6 3.Nc3 Bb4 4.f3 c5 5.d5 b5 6.e4 bxc4 7.Bxc4 Nxd5 8.Bxd5 exd5
9.Qxd5 Nc6 10.Ne2 Ba6 11.Kf2 O-O 12.Rd1 Rc8 13.Be3 Re8 14.Qxd7 Qh4+ 15.Kg1 Ne5
16.Qf5 Qe7 17.Nf4 Bxc3 18.bxc3 Bc4 19.Nd5 Qe6 20.Qg5 f6 21.Qg3 Red8 22.Nf4 Qe7
23.Rxd8+ Qxd8 24.h4 Bf7 25.h5 Nc4 26.Qe1 Qa5 27.Bf2 Re8 28.Rd1 Ne5 29.h6 g6
30.Qd2 Nc4 31.Qd7 Qxc3 32.Nd5 Qe5 33.Bxc5 Nb6 34.Bxb6 axb6 35.f4 Qb2 36.e5  1-0

[Event "6th Int Open"]
[Site "Davos SUI"]
[Date "2007.08.10"]
[Round "5"]
[White "Erdos,V"]
[Black "Hera,I"]
[Result "1/2-1/2"]
[WhiteElo "2523"]
[BlackElo "2526"]

1.d4 Nf6 2.c4 e6 3.Nc3 Bb4 4.f3 d5 5.a3 Bxc3+ 6.bxc3 c5 7.cxd5 Nxd5 8.dxc5 Qa5
9.e4 Ne7 10.Be3 e5 11.Qb3 Qc7 12.Bb5+ Nd7 13.Ne2 O-O 14.Bxd7 Bxd7 15.c4 f5
16.Nc3 fxe4 17.Nxe4 Nf5 18.O-O Bc6 19.Nd6 Nxd6 20.cxd6 Qxd6 21.c5+ Qd5 22.Qxd5+ Bxd5
23.Rfd1  1/2-1/2

[Event "Open"]
[Site "Dubna RUS"]
[Date "2007.08.10"]
[Round "12"]
[White "Grigoryeva,O2"]
[Black "Sepp,Y"]
[Result "1-0"]
[WhiteElo "1892"]
[BlackElo "1997"]

1.d4 Nf6 2.c4 e6 3.Nc3 Bb4 4.f3 d5 5.a3 Bxc3+ 6.bxc3 O-O 7.cxd5 exd5 8.e3 c5
9.Bd3 Re8 10.Ne2 c4 11.Bb1 Nbd7 12.O-O Nf8 13.Bd2 Bd7 14.Qc2 Bc6 15.Ng3 Ng6
16.Qa2 Qc7 17.Bc2 Re7 18.Rfe1 Rae8 19.Re2 Nf4 20.Ree1 Nd3 21.Bxd3 cxd3 22.c4 dxc4
23.Qxc4 Bd5 24.Qa4 Qc2 25.Qb4 Qc4 26.e4 a5 27.Qxc4 Bxc4 28.Rac1 b5 29.a4 Ra8
30.axb5 Bxb5 31.Rc5 Ba4 32.Ra1 Bc2 33.Rcxa5 Rb8 34.Ra8 Ree8 35.Rxb8 Rxb8
36.Nf5 g6 37.Ne3 Bb1 38.Kf1 h5 39.Ke1 Rb2 40.Kd1 Bc2+ 41.Nxc2 Rxc2 42.Ra3 Kg7
43.Rxd3 Ra2 44.d5 Nd7 45.Bc3+ f6 46.Rd2 Ra4 47.Ke2 Kf7 48.Bd4 Ke7 49.Ke3 g5
50.g3 Ra3+ 51.Kf2 Kd6 52.Rc2 Ra4 53.Rc6+ Ke7 54.Re6+ Kf7 55.Be3 Ra2+ 56.Kg1 Re2
57.Bf2 Ne5 58.Kf1 Ra2 59.f4 Nd3 60.Bd4 Ra4 61.Rxf6+ Kg7 62.Bc3 Rc4 63.Rc6+  1-0

[Event "Open"]
[Site "Callao PER"]
[Date "2007.08.11"]
[Round "5"]
[White "Cotrina Moscoso,W"]
[Black "Moskow,E"]
[Result "1/2-1/2"]
[WhiteElo "2183"]
[BlackElo "2254"]

1.d4 Nf6 2.c4 e6 3.Nc3 Bb4 4.f3 c5 5.d5 b5 6.e4 O-O 7.Bd2 a6 8.Nh3 Re8 9.dxe6 Rxe6
10.Nf4 Re8 11.Ncd5 Nxd5 12.Nxd5 Nc6 13.Bxb4 Nxb4 14.Nxb4 cxb4 15.Qd4 Qg5
16.Bd3 bxc4 17.Bxc4 Bb7 18.O-O Rac8 19.Rad1 Red8 20.b3 d6 21.Rf2 Kf8 22.Rfd2 Ke7
23.Qb6 Qc5+ 24.Qxc5 Rxc5 25.Kf2 f6 26.Ke3 a5 27.Rd3 Bc8 28.Rd5 Bb7 29.Rxc5 dxc5
30.Rxd8 Kxd8 31.Kf4 Bc8 32.e5 g5+ 33.Ke4 Bb7+ 34.Kf5 fxe5 35.Kxe5 Ke7 36.Be2 g4
37.fxg4 Bxg2 38.g5 Bh3 39.Kd5 Bf5 40.Kxc5 Bb1 41.Kb5 Bxa2 42.Bc4 h6 43.h4 hxg5
44.hxg5 Kf8 45.Ka4 Kg7 46.Bd3 Kf7 47.Bc2 Kg7 48.g6 Kf6  1/2-1/2

[Event "17th Chess Festival"]
[Site "Abu Dhabi UAE"]
[Date "2007.08.13"]
[Round "2"]
[White "Akshat,K"]
[Black "Ghaem Maghami,E"]
[Result "0-1"]
[WhiteElo "2339"]
[BlackElo "2610"]

1.d4 Nf6 2.c4 e6 3.Nc3 Bb4 4.f3 c5 5.d5 b5 6.e4 bxc4 7.Bxc4 O-O 8.Ne2 Nxd5
9.Bxd5 exd5 10.Qxd5 Nc6 11.O-O Bb7 12.Qd1 Ne7 13.a3 Ba5 14.Bg5 Re8 15.Rb1 c4
16.Kh1 f6 17.Bf4 d5 18.b4 Bb6 19.exd5 Nxd5 20.Nxd5 Qxd5 21.Qxd5+ Bxd5 22.Nc3 Bf7
23.Nb5 Bg6 24.Rbc1 Bd3 25.Rfd1 Re7 26.Bd6 Re2 27.Bc5 Bxc5 28.bxc5 Rc8 29.c6 Re5
30.a4 Rxc6 31.Kg1 Ra6 32.Rc3 Rxa4 33.Nd6 Re2 34.h4 h5 35.Nxc4 Bxc4 36.Rd4 Bb5
37.Rc8+ Re8  0-1

[Event "Euwe Stimulans"]
[Site "Arnhem NED"]
[Date "2007.08.17"]
[Round "1"]
[White "Wang Puchen"]
[Black "Simutowe,A"]
[Result "0-1"]
[WhiteElo "2348"]
[BlackElo "2421"]

1.d4 Nf6 2.c4 e6 3.Nc3 Bb4 4.f3 c5 5.d5 exd5 6.cxd5 d6 7.e4 O-O 8.Bd3 a6
9.Ne2 Nbd7 10.O-O b5 11.Bc2 Re8 12.Kh1 Nf8 13.Ng3 h5 14.a3 Ba5 15.Bf4 h4
16.Nge2 Nh5 17.Be3 Bd7 18.Nf4 Nxf4 19.Bxf4 Ng6 20.Bxd6 Bxc3 21.bxc3 Qb6 22.e5 Nxe5
23.Bxe5 Rxe5 24.Re1 Rae8 25.Rxe5 Rxe5 26.f4 Re8 27.h3 c4 28.Qh5 Qf6 29.Rd1 Qxc3
30.Qh7+ Kf8 31.Qh8+ Ke7 32.d6+ Kd8 33.Qxh4+ Kc8 34.Qf2 Qe3 35.Kg1 a5 36.Ra1 Kb7
37.Qxe3 Rxe3 38.Kf2 Re6 39.Rd1 Kc6 40.g4 Rxd6 41.Ke3 Rxd1 42.Bxd1 Kc5 43.h4 b4
44.axb4+ axb4 45.h5 b3 46.f5 f6 47.Ke4 Bc6+ 48.Ke3 Be8 49.Kd2 Kd4 50.Kc1 Bf7  0-1

[Event "X Open"]
[Site "Banyoles ESP"]
[Date "2007.08.17"]
[Round "2"]
[White "Moskalenko,V"]
[Black "Nikoladze,S"]
[Result "1-0"]
[WhiteElo "2560"]
[BlackElo "2203"]

1.d4 Nf6 2.c4 e6 3.Nc3 Bb4 4.f3 Nh5 5.Nh3 f5 6.e4 O-O 7.e5 f4 8.Bd3 c5 9.a3 Ba5
10.g4 fxg3 11.hxg3 g6 12.Ng5 cxd4 13.b4 dxc3 14.Rxh5 gxh5 15.Bxh7+ Kh8 16.f4 Qe8
17.bxa5 Kg7 18.Ra2 Rh8 19.Rh2 Nc6 20.Rxh5 Qe7 21.Bd3 Rxh5 22.Qxh5 Kg8 23.Nh7 Qf7
24.Nf6+ Kf8 25.Qh8+ Ke7 26.Be3 b6 27.axb6  1-0

[Event "TCh-ESP CECLUB Norte Div 1"]
[Site "Sabadell ESP"]
[Date "2007.08.18"]
[Round "5"]
[White "Montero Melendez,R"]
[Black "Cortes Lizano,J"]
[Result "1/2-1/2"]
[WhiteElo "2268"]
[BlackElo "2289"]

1.d4 Nf6 2.c4 e6 3.Nc3 Bb4 4.f3 d5 5.a3 Bxc3+ 6.bxc3 b6 7.cxd5 exd5 8.e3 O-O
9.Ra2 Nc6 10.Bd3 Na5 11.Ne2 Bd7 12.O-O Qe8 13.a4 c5 14.Ng3 Bc6 15.Re1 Rd8
16.Bb1 Qd7 17.Qd3 g6 18.e4 dxe4 19.fxe4 cxd4 20.Bg5 Ng4 21.Bxd8 Rxd8 22.e5 dxc3
23.Qxc3 Qd4+ 24.Qxd4 Rxd4 25.Rae2 Rxa4 26.h3 Nh6 27.Ba2 Kg7 28.Rf2 Rd4 29.Kh2 Rd7
30.Ne4 Nb7 31.g4 Re7 32.Ng3 Nc5 33.g5 Nf5 34.Nxf5+ gxf5 35.Rxf5 Be4 36.Rf4 Bg6
37.Rd4 a5 38.Bc4 Rb7 39.h4 b5 40.Rd5 bxc4 41.Rxc5 Rb2+ 42.Kg3 Bf5 43.Rxc4 Rb3+
44.Kg2 Rb2+ 45.Kf3 Bd7 46.Rc7 Be6 47.Kg3 Rb3+ 48.Kf2 a4 49.Ra7 a3 50.Re3 Rb2+
51.Re2  1/2-1/2

[Event "X Open"]
[Site "Banyoles ESP"]
[Date "2007.08.23"]
[Round "8"]
[White "Moskalenko,V"]
[Black "Giffard,N"]
[Result "1-0"]
[WhiteElo "2560"]
[BlackElo "2381"]

1.d4 Nf6 2.c4 e6 3.Nc3 Bb4 4.f3 d5 5.a3 Bxc3+ 6.bxc3 c6 7.e3 O-O 8.Bd3 b6
9.Ne2 Ba6 10.cxd5 cxd5 11.Bxa6 Nxa6 12.Qd3 Qc8 13.e4 Nc7 14.Bg5 Nd7 15.Ng3 b5
16.O-O Nb6 17.e5 f6 18.exf6 gxf6 19.Bh6 Rf7 20.f4 f5 21.Nh5 Ne8 22.Rae1 Nc4
23.Qe2 Ncd6 24.Qxe6 Qxe6 25.Rxe6 Ne4 26.Rf3 Rc7 27.Re5 Rc6 28.Bg5 Rxc3 29.Rxf5 Rxf3
30.gxf3 Nc3 31.Be7 Nc7 32.Rg5+ Kf7 33.Rg7+ Ke6 34.Bb4 Ne2+ 35.Kf2 a5 36.Bc5 Nxd4
37.Re7+ Kf5 38.Bxd4  1-0

[Event "15th Open"]
[Site "Nikea GRE"]
[Date "2007.08.30"]
[Round "9"]
[White "Kostopoulos,E"]
[Black "Mbirlis,H"]
[Result "1-0"]
[WhiteElo "2141"]
[BlackElo "2018"]

1.d4 Nf6 2.c4 e6 3.Nc3 Bb4 4.f3 Nh5 5.Nh3 O-O 6.a3 Be7 7.e3 g6 8.Bd3 d6 9.O-O f5
10.Qe2 b6 11.Bd2 Bb7 12.Rae1 c5 13.g4 Ng7 14.gxf5 Nxf5 15.dxc5 bxc5 16.Nf4 Kf7
17.Bxf5 gxf5 18.e4 Rg8+ 19.Kh1 Bh4 20.exf5 e5 21.Ne6 Qf6 22.Ne4 Qe7 23.Rd1 Nd7
24.Be1 Bxe1 25.Nxd6+ Kf6 26.Rfxe1 Bc6 27.Qf2 Rg5 28.Nxg5 Kxg5 29.Rg1+ Kh6
30.Qg3 Kh5 31.Qg4+  1-0

[Event "27th Open"]
[Site "Bratto ITA"]
[Date "2007.08.31"]
[Round "9"]
[White "De Santis,A"]
[Black "Tiviakov,S"]
[Result "0-1"]
[WhiteElo "2346"]
[BlackElo "2648"]

1.d4 Nf6 2.c4 e6 3.Nc3 Bb4 4.f3 d5 5.a3 Bxc3+ 6.bxc3 c6 7.e4 h6 8.e5 Nfd7
9.cxd5 cxd5 10.Bd3 b6 11.Ne2 Ba6 12.Bb1 Qc7 13.O-O Nc6 14.Rf2 Na5 15.a4 Bxe2
16.Rxe2 Qxc3 17.Bb2 Qc6 18.Ba3 Nc4 19.Qc1 Qxa4 20.Bc2 Qc6 21.Bd3 b5 22.Bxc4 dxc4
23.Qe1 Nb6 24.Bc5 a6 25.Qa5 Nd5 26.Rea2 Kd7 27.Qe1 Rhb8 28.Bd6 Rb7 29.Qg3 g6
30.Qh4 h5 31.g4 b4 32.gxh5 b3 33.hxg6 bxa2 34.Qh7 Qb6 35.Qxf7+ Kc6 36.Qxe6 Qxd4+  0-1

[Event "Open"]
[Site "Liverpool ENG"]
[Date "2007.09.06"]
[Round "6"]
[White "Carleton,J"]
[Black "Weeks,Ma"]
[Result "1/2-1/2"]
[WhiteElo "2322"]
[BlackElo "2200"]

1.d4 Nf6 2.c4 e6 3.Nc3 Bb4 4.f3 O-O 5.e4 d5 6.e5 Nfd7 7.a3 Bxc3+ 8.bxc3 dxc4
9.f4 Nb6 10.a4 a5 11.Nf3 Nc6 12.Qc2 f5 13.exf6 Qxf6 14.g3 Qf5 15.Qe2 Bd7
16.Nh4 Qf7 17.Bg2 Ne7 18.O-O Ned5 19.Nf3 Qf5 20.Ne5 Bxa4 21.g4 Qc2 22.Qe1 Qxc3
23.Bxd5 Qxd4+ 24.Be3 Qxd5 25.Bxb6 cxb6 26.Rxa4 Qd4+ 27.Kg2 b5 28.Rxa5 Qd5+
29.Kg3 b6 30.Rxa8 Rxa8 31.Qb4 Ra2 32.Rf2 Rxf2 33.Kxf2 Qd4+ 34.Kf3 g5 35.Qe1 Qxf4+
36.Kg2 b4 37.Qe2 c3 38.Qb5 Qd2+ 39.Kh3 Qe3+ 40.Kg2 Qd2+ 41.Kh3 Qe3+ 42.Kg2  1/2-1/2

[Event "ch-Africa Men"]
[Site "Windhoek NAM"]
[Date "2007.09.07"]
[Round "7"]
[White "Ezat,M"]
[Black "Gwaze,R"]
[Result "1/2-1/2"]
[WhiteElo "2438"]
[BlackElo "2413"]

1.d4 Nf6 2.c4 e6 3.Nc3 Bb4 4.f3 d5 5.a3 Bxc3+ 6.bxc3 c5 7.cxd5 Nxd5 8.dxc5 Qa5
9.e4 Nf6 10.Be3 Nfd7 11.Qb3 O-O 12.a4 Qc7 13.Qa3 b6 14.a5 bxc5 15.Nh3 Ba6
16.Bxa6 Nxa6 17.O-O c4 18.f4 Ndc5 19.Nf2 Rab8 20.Rad1 Rb3 21.Qa1 Rb5 22.Qa2 Nb3
23.e5 Rxa5 24.Qe2 Nac5 25.Qxc4 Ra4 26.Qe2 Ne4 27.Qb5 Nec5 28.Rd6 Ra5 29.Qc4 Rc8
30.Rfd1 h6 31.h3 Ra4 32.Qb5 Qa5 33.Qxa5 Rxa5 34.Rd8+ Rxd8 35.Rxd8+ Kh7 36.Rc8 Kg6
37.Rc7 h5 38.g4 hxg4 39.hxg4 f6 40.exf6 gxf6 41.Kg2 a6 42.Kf3 f5 43.gxf5+ Kxf5
44.Ng4 Nd3 45.Rg7 e5 46.Rg5+ Ke6 47.f5+ Kd5 48.Nf6+ Kc4 49.Ne4 Kd5 50.Nd2 Nxd2+
51.Bxd2 Ra2 52.Ke3 Nf4 53.Rg8 Nh5 54.Rd8+ Kc6 55.Ke4 Ng3+ 56.Kxe5 Ra5+ 57.Ke6 Rxf5
58.Rd6+ Kb7 59.Be3 Rf3 60.Rb6+ Kc7 61.Bd4 Rxc3 62.Rxa6 Rd3 63.Ra4 Kc6  1/2-1/2

[Event "LNA Copa Puma"]
[Site "Argentina ARG"]
[Date "2007.09.09"]
[Round "5"]
[White "Hungaski,R"]
[Black "Mareco,S"]
[Result "1/2-1/2"]
[WhiteElo "2399"]
[BlackElo "2448"]

1.d4 Nf6 2.c4 e6 3.Nc3 Bb4 4.f3 c5 5.a3 Bxc3+ 6.bxc3 d5 7.cxd5 Nxd5 8.dxc5 Qa5
9.e4 Nf6 10.Be3 O-O 11.Qb3 Qc7 12.Bb5 a6 13.Ba4 Bd7 14.Ne2 Bxa4 15.Qxa4 Nbd7
16.Qd4 Rfc8 17.Rb1 Rab8 18.O-O e5 19.Qd6 Nxc5 20.Qxc7 Rxc7 21.Bxc5 Rxc5 22.Rfd1 Rc7
23.Rd6 Nd7 24.Rbd1 Nf8 25.Kf2 f6 26.Rb1 Re8 27.Rdb6 Ree7 28.c4 Rxc4  1/2-1/2

[Event "60th ch-RUS Higher League"]
[Site "Krasnoyarsk RUS"]
[Date "2007.09.09"]
[Round "6"]
[White "Volkov,Sergey1"]
[Black "Sidorov,A"]
[Result "1-0"]
[WhiteElo "2659"]
[BlackElo "2438"]

1.d4 Nf6 2.c4 e6 3.Nc3 Bb4 4.f3 O-O 5.a3 Bxc3+ 6.bxc3 Ne8 7.e4 Nc6 8.Bd3 b6
9.Nh3 e5 10.Be3 Nd6 11.O-O Qe7 12.Qa4 f6 13.c5 bxc5 14.d5 c4 15.Bxc4 Nxc4
16.Qxc4 Nb8 17.Qxc7 Na6 18.Qa5 d6 19.Nf2 Rf7 20.c4 Qc7 21.Qxc7 Rxc7 22.Rfc1 Rb8
23.Rc3 Bd7 24.Nd3 Rbc8 25.Rac1 Bb5 26.Nb2 Bd7 27.Kf2 f5 28.exf5 Bxf5 29.c5 dxc5
30.Nc4 Rd7 31.g4 Bg6 32.d6 Bf7 33.Nxe5 Rxd6 34.Bxc5 Rxc5 35.Rxc5 Nxc5 36.Rxc5 Be8
37.a4 Rd4 38.a5 Ra4 39.Nc4 Kf8 40.Nd6 Bg6 41.h4 Rd4 42.Nb5 Rd2+ 43.Ke3 Rd3+
44.Kf4 a6 45.Nc7 Ke7 46.Nxa6 Kd6 47.Rb5 Rd4+ 48.Kg3 Ra4 49.Rb6+ Ke7 50.Nb4 Ra3
51.Kf2 Bf7 52.a6 h6 53.a7 Be8 54.Na6  1-0

[Event "60th ch-RUS Higher League"]
[Site "Krasnoyarsk RUS"]
[Date "2007.09.12"]
[Round "9"]
[White "Volkov,Sergey1"]
[Black "Savchenko,B"]
[Result "0-1"]
[WhiteElo "2659"]
[BlackElo "2577"]

1.d4 Nf6 2.c4 e6 3.Nc3 Bb4 4.f3 Nc6 5.e4 Bxc3+ 6.bxc3 b6 7.Bd3 Ba6 8.Nh3 Na5
9.Qe2 d6 10.Bg5 h6 11.Bh4 g5 12.Bf2 e5 13.Be3 c5 14.Nf2 Kd7 15.g3 Kc7 16.f4 gxf4
17.gxf4 Qe7 18.O-O-O Qe6 19.fxe5 dxe5 20.Rhf1 Rag8 21.Nh1 Bxc4 22.d5 Bxd3
23.Qxd3 Qd6 24.Qa6 Kb8 25.Ng3 c4 26.Kb1 Rg6 27.Rf3 Ne8 28.Qb5 Qc7 29.Nf5 Nb7
30.d6 Nexd6 31.Qxe5 Re8 32.Qd4 Nb5 33.Qd2 Qc6 34.Ng3 N7d6 35.Bf4 Rxe4 36.Ka1 Rd4
37.cxd4 Qxf3 38.Rf1 Qd5 39.Be5 Re6 40.Qf2 Kb7 41.Qf4 Nxd4 42.Bxd4 Re4 43.Nxe4 Qxd4+
44.Kb1 Nxe4 45.Qf3 f5 46.Re1 c3 47.Qe2 Qd2 48.Ka1 Kc6 49.Qc4+ Nc5 50.Qe2 Qxe2
51.Rxe2 f4 52.Kb1 Kd5 53.Kc2 Kd4 54.Re7 f3 55.Rxa7 f2 56.Rf7 Nd3 57.Rf6 Ke4
58.Re6+ Ne5 59.Rf6 Nf3  0-1

[Event "LNA Copa Puma"]
[Site "Argentina ARG"]
[Date "2007.09.15"]
[Round "6"]
[White "Barrionuevo,P"]
[Black "Del Cuadro,N"]
[Result "0-1"]
[WhiteElo "2288"]
[BlackElo "2129"]

1.d4 Nf6 2.c4 e6 3.Nc3 Bb4 4.f3 d5 5.a3 Bxc3+ 6.bxc3 c5 7.cxd5 exd5 8.e3 O-O
9.Bd3 Nc6 10.Ne2 Re8 11.O-O b6 12.Ng3 Bb7 13.Re1 Rc8 14.Nf5 Ne7 15.a4 Nxf5
16.Bxf5 Rc7 17.a5 bxa5 18.Ba3 cxd4 19.cxd4 Bc6 20.Bc5 Rb7 21.Qc2 Bb5 22.Qd2 a4
23.Reb1 Qb8 24.Bc2 Re6 25.Bf5 Re8 26.Bc2 Re6 27.g4 h6 28.Bf5 Re8 29.Bc2 Re6
30.Kg2 Nd7 31.Ba3 Reb6 32.Bc5 Rc6 33.Be7 a6 34.e4 Qc7 35.Rc1 Nb6 36.Bc5 Nc4
37.Qf2 Qf4 38.Re1 Re6 39.exd5 Ne3+ 40.Kg1 Nxd5 41.Be4 Bc6 42.h3 Rb3 43.Kg2 Ne3+
44.Rxe3 Rxe3 45.d5 R3xe4 46.dxe6 Rxe6 47.Rd1 a3 48.Rd4 Qc1 49.Rd2 Bxf3+ 50.Kg3 Rf6
51.Qe3 Qc4 52.Bd4 Qc7+ 53.Be5 Re6 54.Bxc7 Rxe3 55.Kf2 Rb3 56.Bd6 Rb2 57.Ke3 a2  0-1

[Event "17th ch-EU U16 Boys"]
[Site "Sibenik CRO"]
[Date "2007.09.15"]
[Round "2"]
[White "Alonso Rosell,A"]
[Black "Salgado Lopez,I"]
[Result "0-1"]
[WhiteElo "2285"]
[BlackElo "2456"]

1.d4 e6 2.c4 Nf6 3.Nc3 Bb4 4.f3 O-O 5.a3 Bxc3+ 6.bxc3 Ne8 7.e4 b6 8.Bd3 Ba6
9.Qe2 Nc6 10.a4 Na5 11.Ba3 c5 12.f4 f5 13.e5 d5 14.cxd5 Bxd3 15.Qxd3 Qxd5
16.Nf3 Nc7 17.O-O Rfd8 18.Rfd1 Qc6 19.Nd2 Nd5 20.g3 cxd4 21.cxd4 Rac8 22.Nf3 h6
23.Bd6 Qc3 24.Qxc3 Rxc3 25.Kf2 Rdc8 26.Ra2 Kf7 27.Rdd2 Rc1 28.Ba3 R1c4 29.Bb2 Nb4
30.Ra3 R4c7 31.Re2 Rc2 32.Re3 R8c4 33.Nd2 Rc8 34.Nf3 Ke8 35.Ne1 R2c4 36.Ra3 Nd5
37.Nd3 Nc6 38.Ke1 a5  0-1

[Event "17th ch-EU U16 Boys"]
[Site "Sibenik CRO"]
[Date "2007.09.20"]
[Round "7"]
[White "Klim,K"]
[Black "Baturina,A"]
[Result "1/2-1/2"]
[WhiteElo "2126"]
[BlackElo "1980"]

1.d4 Nf6 2.c4 e6 3.Nc3 Bb4 4.f3 c5 5.a3 Bxc3+ 6.bxc3 O-O 7.e4 d6 8.Bd3 Nc6
9.Ne2 b6 10.f4 Na5 11.e5 dxe5 12.fxe5 Nd7 13.Nf4 Ba6 14.Qh5 h6 15.Nxe6 fxe6
16.Bxh6 Rf5 17.Bxf5 exf5 18.O-O Bxc4 19.Rxf5 Qe8 20.Qg5 g6 21.Rf4 Nc6 22.Qg3 cxd4
23.cxd4 Ne7 24.Bg5 Nf5 25.Qh3 Qe6 26.g4 Ne7 27.Bxe7 Qxe7 28.Qf3 Rf8 29.Rxf8+ Nxf8
30.Rd1 Ne6 31.Qe4 Qf7 32.h4 Nf4 33.Kh2 Ne2 34.Qe3 Nf4 35.Rd2 Nd5 36.Qg3 b5
37.Rf2 Qe7 38.g5 a5 39.Qf3 b4 40.axb4 axb4 41.h5 gxh5 42.Qxh5 Ne3 43.Rf3 Nf1+
44.Kg1 Bf7 45.g6 Bc4 46.Qh6 Qg7 47.Rf8+ Kxf8 48.Qg5 Kg8 49.Qd8+ Qf8 50.Qc7 Bf7
51.gxf7+ Qxf7 52.Qc8+ Kg7 53.e6  1/2-1/2

[Event "Reykjavik CC Inv"]
[Site "Reykjavik ISL"]
[Date "2007.09.22"]
[Round "6"]
[White "Lund,E"]
[Black "Kaunas,K"]
[Result "1/2-1/2"]
[WhiteElo "2406"]
[BlackElo "2273"]

1.d4 Nf6 2.c4 e6 3.Nc3 Bb4 4.f3 d5 5.a3 Be7 6.e3 O-O 7.cxd5 exd5 8.Bd3 c5
9.Nge2 Nc6 10.O-O Re8 11.Kh1 a6 12.Bd2 Bd6 13.Rc1 cxd4 14.exd4 Nh5 15.Be1 Nf4
16.Bb1 Nxe2 17.Nxe2 Qf6 18.Bf2 Bf5 19.Ba2 Qh6 20.Bg1 Rad8 21.Bxd5 Bxh2 22.Bxf7+ Kxf7
23.Bxh2 Qe3 24.Ng3 Be6 25.Ne4 Rxd4 26.Qc2 Qh6 27.Kg1 Kg8 28.Rce1 Red8 29.Qc1 Qxc1
30.Rxc1 Bf5 31.Nc5 Rd2 32.Nxb7 R8d7 33.Rxc6 Rxb7 34.Be5 Re7 35.Bc3 Rc2 36.Rd1 h6
37.Rd2 Rxd2 38.Bxd2 Bd3 39.Bc3 Kf7 40.Kf2 Bb5 41.Rb6 Re2+ 42.Kg3 Re7 43.Kf4 Rd7
44.a4 Bxa4 45.Rxa6 Bb5 46.Ra5 Bf1 47.g4 Kg6 48.Kg3 Bc4 49.Rc5 Bb3 50.Rc6+ Kf7
51.Rb6 Bd5 52.Rb4 Re7 53.Rd4 Bc6 54.Rd6 Ba8 55.Bd4 Bb7 56.b4 Bc8 57.Rd5 Rd7
58.Rf5+ Kg6 59.Bc5 Rf7 60.Re5 Bb7 61.f4 Rd7 62.f5+ Kf7 63.Kf4 Bc6 64.Re6 Bb5
65.Rb6 Be2 66.Rb8 g5+ 67.fxg6+ Kxg6 68.Rb6+ Kh7 69.Re6 Rf7+ 70.Kg3 Bc4 71.Rd6 Be2
72.Re6 Bc4 73.Re5 Rd7 74.Be3 Rb7 75.Bc5 Rd7 76.Re4 Bd5 77.Rf4 Rf7 78.Rxf7+ Bxf7
79.b5 Kg6 80.Kf4 Bd5 81.b6 Ba8 82.Be3 Bg2 83.Bf2 Kf6 84.Bd4+ Kg6 85.Be3 Ba8
86.Bf2 Kf6 87.Bh4+ Ke6 88.Bd8 Kd7 89.Bc7 Bg2 90.Be5 Kc6 91.Bd4 Bf1 92.Be3 Be2
93.Kg3 Bd1 94.Bxh6  1/2-1/2

[Event "16th Monarch Assurance"]
[Site "Port Erin IOM"]
[Date "2007.09.29"]
[Round "8"]
[White "Cafolla,P"]
[Black "Weeks,Ma"]
[Result "1/2-1/2"]
[WhiteElo "2034"]
[BlackElo "2200"]

1.d4 Nf6 2.c4 e6 3.Nc3 Bb4 4.f3 O-O 5.e4 d5 6.e5 Nfd7 7.cxd5 exd5 8.a3 Bxc3+
9.bxc3 f6 10.exf6 Qxf6 11.Bd3 Nb6 12.Qd2 Bf5 13.Bxf5 Qxf5 14.Qg5 Re8+ 15.Kf2 Qd3
16.Qd2 Qa6 17.Nh3 N8d7 18.Re1 Nf6 19.Nf4 Rxe1 20.Qxe1 Re8 21.Qf1 Nc4 22.Qd3 Qd6
23.Ra2 g5 24.Ne2 Qxh2 25.Bxg5 Rf8 26.Nf4 Nd6 27.Bxf6 Qxf4 28.Be5 Qh4+ 29.Kg1 Qe1+
30.Kh2 Qh4+ 31.Kg1 Qe1+ 32.Kh2 Qh4+ 33.Kg1 Qe1+  1/2-1/2

[Event "FSIM October"]
[Site "Budapest HUN"]
[Date "2007.10.07"]
[Round "2"]
[White "Toth,E"]
[Black "Gauri,S"]
[Result "1/2-1/2"]
[WhiteElo "2348"]
[BlackElo "2251"]

1.d4 Nf6 2.c4 e6 3.Nc3 Bb4 4.f3 d5 5.a3 Bxc3+ 6.bxc3 c5 7.cxd5 Nxd5 8.dxc5 Qa5
9.e4 Ne7 10.Be3 O-O 11.Qb3 Qc7 12.Bb5 Nec6 13.Nh3 e5 14.Nf2 Na5 15.Qb4 Nbc6
16.Qa4 Be6 17.Rb1 Rfd8 18.O-O Rd7 19.Rb2 Rad8 20.Rfb1 f6 21.h4 Bf7 22.g3 Re7
23.Be2 Be8 24.Qc2 Bf7 25.f4 exf4 26.gxf4 Rde8 27.Bd3 Qc8 28.Re1 Nc4 29.Bxc4 Bxc4  1/2-1/2

[Event "Open"]
[Site "Winterthur SUI"]
[Date "2007.10.08"]
[Round "4"]
[White "Galyas,M"]
[Black "Caruana,F"]
[Result "0-1"]
[WhiteElo "2433"]
[BlackElo "2594"]

1.d4 e6 2.c4 Nf6 3.Nc3 Bb4 4.f3 d5 5.a3 Be7 6.e4 dxe4 7.fxe4 e5 8.d5 Bc5
9.Nf3 Bg4 10.Bd3 Nbd7 11.h3 Bxf3 12.Qxf3 c6 13.Bd2 O-O 14.g4 Bd4 15.g5 Ne8
16.Ne2 Bxb2 17.Ra2 Qb6 18.Bb4 c5 19.Rxb2 cxb4 20.Rxb4 Qa5 21.O-O Nd6 22.Bb1 Qd8
23.Qg4 a5 24.Rb3 Nxc4 25.Rc1 Rc8 26.Rbc3 Ndb6 27.Ng3 Nd6 28.Kh1 Rxc3 29.Rxc3 Qe7
30.h4 Rc8 31.Nf5 Nxf5 32.Rxc8+ Nxc8 33.exf5 f6 34.d6 Nxd6 35.Ba2+ Kf8 36.Be6 g6
37.fxg6 hxg6 38.Bd5 f5 39.Qe2 Qh7 40.Qxe5 Qxh4+ 41.Kg2 Qxg5+ 42.Kf3 Qg4+
43.Kf2 Ne4+ 44.Bxe4 Qh4+ 45.Kg1 fxe4 46.Qb8+ Kg7 47.Qxb7+ Kh6 48.Qb2 Qg3+
49.Kh1 Qh3+ 50.Kg1 Qg4+ 51.Kh2 Qf4+ 52.Kg2 Kh5 53.Qg7 Kg5 54.a4 Qf6 55.Qc7 Qf5
56.Qd6 e3 57.Qe7+ Kf4 58.Qc7+ Qe5 59.Qf7+ Kg5 60.Qf8 e2 61.Qd8+ Kh5  0-1

[Event "FSIM October"]
[Site "Budapest HUN"]
[Date "2007.10.10"]
[Round "5"]
[White "Toth,E"]
[Black "Ignacz,M"]
[Result "1-0"]
[WhiteElo "2348"]
[BlackElo "2223"]

1.d4 Nf6 2.c4 e6 3.Nc3 Bb4 4.f3 d5 5.a3 Bxc3+ 6.bxc3 c5 7.cxd5 Nxd5 8.dxc5 Qa5
9.e4 Nf6 10.Be3 O-O 11.Qb3 Nfd7 12.Nh3 Qc7 13.Qc4 Na6 14.c6 bxc6 15.Be2 Nb6
16.Qa2 e5 17.Nf2 Be6 18.c4 Na4 19.Qc2 N4c5 20.O-O Rab8 21.g3 Qa5 22.Rfd1 Rb3
23.Bd2 Qb6 24.Bc3 f6 25.Rd6 Re8 26.Qd2 Nb7 27.Rxe6 Rxe6 28.c5 Rb1+ 29.Kg2 Naxc5
30.Rxb1 Qxb1 31.Bc4 Kf7 32.Bb4 Kg6 33.Ba2 Nb3 34.Qd7 Qxa2 35.Qxe6 Nc1 36.Qf5+ Kf7
37.Qd7+ Kg6 38.Bd2 Ne2 39.f4 h5 40.Qf5+ Kh6 41.g4 g6 42.g5+ fxg5 43.Qxg5+ Kg7
44.Qxe5+ Kg8 45.Qb8+ Kg7 46.Qxb7+  1-0

[Event "Open"]
[Site "Winterthur SUI"]
[Date "2007.10.12"]
[Round "8"]
[White "Galyas,M"]
[Black "Bradford,J"]
[Result "1-0"]
[WhiteElo "2433"]
[BlackElo "2402"]

1.d4 e6 2.c4 Nf6 3.Nc3 Bb4 4.f3 O-O 5.a3 Bxc3+ 6.bxc3 d5 7.cxd5 exd5 8.e3 Re8
9.Bd3 c5 10.Ne2 b6 11.O-O Ba6 12.Ng3 Qc8 13.e4 cxd4 14.cxd4 dxe4 15.fxe4 Qc3
16.Bxa6 Nxa6 17.e5 Qxa1 18.exf6 g6 19.Qd3 Rac8 20.Bd2 Qb2 21.Nf5 Rc2 22.Ne7+ Kh8
23.Qe3 Nc7 24.Nxg6+ Kg8 25.Ne5 Rxe5 26.Qg3+ Kf8 27.Qxe5  1-0

[Event "TCh-ROU Superliga"]
[Site "Predeal ROU"]
[Date "2007.10.13"]
[Round "1"]
[White "Posedaru,B"]
[Black "Baratosi,D"]
[Result "1/2-1/2"]
[WhiteElo "2257"]
[BlackElo "2448"]

1.d4 Nf6 2.c4 e6 3.Nc3 Bb4 4.f3 d5 5.a3 Bxc3+ 6.bxc3 c5 7.cxd5 Nxd5 8.dxc5 Qa5
9.e4 Ne7 10.Be3 O-O 11.Qb3 Qc7 12.a4 Nec6 13.Bb5 Na5 14.Qa3 e5 15.Ne2 a6
16.Bd3 Rd8 17.Rd1 Be6 18.O-O Nbc6 19.Nc1 Nc4 20.Bxc4 Bxc4 21.Rfe1 Rxd1 22.Rxd1 Rd8
23.Rd6 Qe7 24.Nb3 a5 25.Nd2 Ba6 26.Rd5 Qc7 27.Bg5 f6 28.Be3 Ne7 29.Rd6 Kh8
30.c4 Nc6 31.Qd3 Rc8 32.Rd7 Rd8 33.Rxd8+ Qxd8 34.Qd5 Qg8 35.h4 h6 36.h5 Qe8
37.g4 Kh7 38.Qd6 Nb4 39.Qc7 Qxa4 40.Qf7 Qd1+ 41.Nf1 Qxf3 42.Qg6+ Kh8 43.Qe8+ Kh7  1/2-1/2

[Event "IV Open"]
[Site "Calvia ESP"]
[Date "2007.10.17"]
[Round "3"]
[White "Ruiz Vinals,M"]
[Black "Kovalyov,A"]
[Result "0-1"]
[WhiteElo "2164"]
[BlackElo "2510"]

1.d4 Nf6 2.c4 e6 3.Nc3 Bb4 4.f3 d5 5.a3 Be7 6.e4 dxe4 7.fxe4 e5 8.d5 Bc5
9.Nf3 Bg4 10.Be2 Nbd7 11.b4 Bxf3 12.Bxf3 Bd4 13.Qd3 Nxe4 14.Bxe4 Bxc3+ 15.Qxc3 Qh4+
16.Kd1 Qxe4 17.Ra2 b5 18.Re1 Qg4+ 19.Rae2 O-O 20.h3 Qxc4 21.Qxc4 bxc4 22.Rc2 Rfd8
23.Rxc4 Nb6 24.Rg4 Nxd5 25.Kc2 f6 26.Rc4 Rd7 27.Kb3 Rad8 28.Be3 Nb6 29.Bxb6 cxb6
30.Re2 Kf7 31.Ka4 Rd5 32.Rc6 R8d7 33.Kb3 R5d6 34.Rc8 Rd3+ 35.Rc3 Ke6 36.Kc2 Rxc3+
37.Kxc3 f5 38.a4 e4 39.a5 bxa5 40.bxa5 Ke5 41.Rb2 e3 42.a6 f4 43.Kc4 Rd6
44.Ra2 Rd2  0-1